Kadra Serbii na mundial 2022 - Statystyki

Ogólne statystyki
  • Ten quiz został rozwiązany 40 razy
  • Średni wynik to 12 z 26
Statystyki odpowiedzi
Pozycja Zawodnik % Poprawnych
Napastnik Dusan Vlahović
96%
Pomocnik Sergej Milinković-Savić
93%
Bramkarz Vanja Milinković-Savić
93%
Napastnik Aleksandar Mitrović
82%
Obrońca Stefan Mitrović
82%
Pomocnik Filip Kostić
79%
Napastnik Dusan Tadić
64%
Obrońca Nikola Milenković
64%
Obrońca Filip Mladenović
57%
Napastnik Luka Jović
57%
Pomocnik Nemanja Gudelj
54%
Obrońca Strahinja Pavlović
54%
Bramkarz Predrag Rajković
46%
Pomocnik Andrija Zivković
36%
Bramkarz Marko Dmitrović
36%
Pomocnik Marko Grujić
32%
Napastnik Nemanja Radonjić
29%
Pomocnik Ivan Ilić
25%
Pomocnik Sasa Lukić
25%
Pomocnik Darko Lazović
21%
Napastnik Filip Duricić
21%
Pomocnik Nemanja Maksimović
21%
Pomocnik Uros Racić
21%
Obrońca Milos Veljković
18%
Obrońca Srdjan Babić
7%
Obrońca Strahinja Eraković
7%
Nie znaleziono quizów pasujących do podanych kryteriów
Rozkład punktacji
Procent ludzi z każdym wynikiem
Percentyl według liczby udzielonych odpowiedzi
Twoja historia wyników
Nie rozwiązałeś tego quizu